00858nam a22001937a 4500003000900000008004100009040007100050082001800121100002200139245005600161260005900217300004800276505020100324650002700525650001800552650002800570700003200598710003400630AR-CdUCM190430b ||||| |||| 00| 0 spa d aMUNICIPALIDAD PROVINCIAL DEL CUSCOcBIBLIOTECA MUNICIPAL DEL CUSCO a350.02 /bS42 aSerafino, Nina M. aInvestigación y análisis para los parlamentos / aWashington D.C. :bEstados Unidos de América,c1997. a282 paginas ;bCuadros, diagramas,c28 cm. aContenido : Reflexiones sobre el cuerpo legislativo -- Las funciones de los analistas legislativos -- Normas profesionales y éticas que se deben seguir -- Desarrollo de una linea de producto... aAnálisis legislativo aLa audiencias aPolíticas especificas aRuiz, Yanina (traducción) aCongress of the United States